| 000 | 00968cam a2200241 a 4500 | ||
|---|---|---|---|
| 001 | 000009005 | ||
| 005 | 20200929161448.0 | ||
| 008 | 911107s1991 sp a b 000 0 spa | ||
| 020 | _a8476582943 | ||
| 040 |
_aDO-SdBNP _cDLC |
||
| 082 |
_a863.3 _bG216s |
||
| 100 | 1 |
_aGarcía Bacca, Juan David, _d1901-1992. _923629 |
|
| 245 | 1 | 0 |
_aSobre el Quijote y Don Quijote de la Mancha : _bejercicios literario-filosóficos / _cJuan David García Bacca. |
| 260 |
_aBarcelona : _bAnthropos _bGobierno de Navarra, Departamento de Educación, Cultura y Deporte, _c1991. |
||
| 300 |
_a527 p. : _bil. ; _c20 cm. |
||
| 490 | 1 |
_aPensamiento crítico/Pensamiento utópico _v59 |
|
| 600 | 1 | 0 |
_aCERVANTES SAAVEDRA, MIGUEL De, _d1547-1616. _tDON QUIJOTE. _913671 |
| 650 | 4 |
_aNovela española _91123 |
|
| 650 | 4 |
_aLiteratura española _xHistoria y crítica _93904 |
|
| 830 | 0 |
_aPensamiento crítico/Pensamiento utópico ; _v59 _923630 |
|
| 910 | _aCatalogación por copia / LC | ||
| 049 | _aBNGR | ||
| 999 |
_c8769 _d8769 |
||